[Event "Rilton Cup 50th"]
[Site "Stockholm"]
[Date "2023.01.05"]
[Round "9"]
[White "Parkhov, Yair"]
[Black "Ram, Aravind LN"]
[Result "1-0"]
[WhiteElo "2470"]
[BlackElo "2272"]
[PlyCount "85"]
[EventDate "2022.12.27"]
[EventType "swiss"]
[EventRounds "9"]
[EventCountry "SWE"]
[SourceTitle "CBM 212 Extra"]
[Source "ChessBase"]
[SourceDate "2023.03.31"]
[SourceVersion "1"]
[SourceVersionDate "2023.03.31"]
[SourceQuality "1"]

1. d4 Nf6 2. c4 c5 3. d5 e6 4. Nc3 exd5 5. cxd5 d6 6. e4 g6 7. Be2 Bg7 8. Nf3 0-0 9. Be3 b5 10. e5 Ng4 11. Bg5 Qa5 12. e6 fxe6 13. 0-0 Bxc3 14. bxc3 Qc7 15. Bxb5 e5 16. h3 Nf6 17. Bh6 Rd8 18. Ng5 Qe7 19. Qe2 Bf5 20. f4 e4 21. g4 Bd7 22. Bd3 Re8 23. Rae1 Qd8 24. Bxe4 Qa5 25. Qc2 Ba4 26. Qd3 c4 27. Qd4 Qb6 28. f5 Nbd7 29. fxg6 hxg6 30. Bxg6 Rxe1 31. Rxe1 Ne5 32. Bf5 Bd7 33. Be6+ Bxe6 34. dxe6 Nh7 35. Qxb6 axb6 36. Rf1 Nxg5 37. Bxg5 Rxa2 38. e7 Ra8 39. Kg2 Re8 40. Rd1 Nd3 41. h4 b5 42. h5 Kg7 43. Rf1 1-0

[Event "SWE-ch Blitz"]
[Site "Stockholm"]
[Date "2023.01.01"]
[Round "12"]
[White "Trost, Edvin"]
[Black "Ram, Aravind LN"]
[Result "1-0"]
[WhiteElo "2369"]
[BlackElo "2291"]
[PlyCount "97"]
[EventDate "2023.01.01"]
[EventType "swiss (blitz)"]
[EventRounds "13"]
[EventCountry "SWE"]
[SourceTitle "CBM 211 Extra"]
[Source "ChessBase"]
[SourceDate "2023.01.31"]
[SourceVersion "1"]
[SourceVersionDate "2023.01.31"]
[SourceQuality "1"]

1. d4 Nf6 2. c4 g6 3. g3 c6 4. Bg2 d5 5. Qa4 Bg7 6. cxd5 Nxd5 7. Nf3 0-0 8. 0-0 Nd7 9. Rd1 Qc7 10. e4 N5b6 11. Qc2 e5 12. Nc3 exd4 13. Nxd4 Ne5 14. h3 Qe7 15. b3 a6 16. a4 c5 17. Nde2 Be6 18. Ba3 Rfd8 19. Nf4 Rac8 20. a5 Nbd7 21. Ncd5 Bxd5 22. Nxd5 Qe6 23. Rac1 c4 24. Ne7+ Kh8 25. Nxc8 Rxc8 26. Rd6 Qe8 27. bxc4 Bf8 28. Qb2 Bxd6 29. Bxd6 f6 30. Qxb7 Rc6 31. c5 Nf8 32. Bxf8 Qxf8 33. Qa7 Qd8 34. Kh2 Qd2 35. Rf1 Qxa5 36. f4 Qxc5 37. Qxc5 Rxc5 38. fxe5 fxe5 39. Rf8+ Kg7 40. Ra8 a5 41. Ra7+ Kh6 42. h4 Rb5 43. Kh3 Rc5 44. Bf3 Rc3 45. Kg4 Ra3 46. Bd1 Ra1 47. Bb3 Re1 48. Bg8 Rxe4+ 49. Kf3 1-0

[Event "Rilton Cup 50th"]
[Site "Stockholm"]
[Date "2022.12.31"]
[Round "5"]
[White "Souleidis, Georgios"]
[Black "Ram, Aravind LN"]
[Result "1/2-1/2"]
[WhiteElo "2410"]
[BlackElo "2272"]
[PlyCount "69"]
[EventDate "2022.12.27"]
[EventType "swiss"]
[EventRounds "9"]
[EventCountry "SWE"]
[SourceTitle "CBM 212 Extra"]
[Source "ChessBase"]
[SourceDate "2023.03.31"]
[SourceVersion "1"]
[SourceVersionDate "2023.03.31"]
[SourceQuality "1"]

1. e4 c5 2. Nf3 d6 3. d4 cxd4 4. Nxd4 Nf6 5. Nc3 e6 6. g4 h6 7. Rg1 Nc6 8. Be3 Be7 9. Qe2 Nxd4 10. Bxd4 e5 11. Be3 Be6 12. h4 Rc8 13. g5 hxg5 14. hxg5 Nd7 15. Nd5 Bxd5 16. exd5 Qa5+ 17. Qd2 Qxd2+ 18. Kxd2 Nb6 19. Bb5+ Kf8 20. Rh1 Rxh1 21. Rxh1 Kg8 22. Bxb6 axb6 23. g6 Bg5+ 24. Kd1 Rc5 25. gxf7+ Kxf7 26. c4 Rc8 27. Ke2 Ke7 28. Rh3 Ra8 29. a3 Bc1 30. Rg3 Bxb2 31. Rxg7+ Kf6 32. Rxb7 Bxa3 33. Rxb6 Bc5 34. Ra6 Rxa6 35. Bxa6 1/2-1/2

[Event "Rilton Cup 50th"]
[Site "Stockholm"]
[Date "2022.12.30"]
[Round "4"]
[White "Ram, Aravind LN"]
[Black "Milikow, Elie"]
[Result "1/2-1/2"]
[WhiteElo "2272"]
[BlackElo "2427"]
[PlyCount "73"]
[EventDate "2022.12.27"]
[EventType "swiss"]
[EventRounds "9"]
[EventCountry "SWE"]
[SourceTitle "CBM 212 Extra"]
[Source "ChessBase"]
[SourceDate "2023.03.31"]
[SourceVersion "1"]
[SourceVersionDate "2023.03.31"]
[SourceQuality "1"]

1. e4 c5 2. Nf3 e6 3. d4 cxd4 4. Nxd4 a6 5. Bd3 Bc5 6. Nb3 Ba7 7. Qe2 Nc6 8. Be3 d6 9. c4 Nf6 10. Nc3 0-0 11. 0-0 e5 12. Bxa7 Rxa7 13. Rfd1 Be6 14. Rac1 b6 15. Qe3 Nd7 16. Bf1 Nc5 17. Nd5 Nxb3 18. Qxb3 Bxd5 19. cxd5 Nd4 20. Qe3 f5 21. f4 fxe4 22. fxe5 dxe5 23. Qxe4 Qd6 24. Bd3 g6 25. Rf1 Rxf1+ 26. Rxf1 b5 27. Qg4 Kg7 28. Be4 Qc5 29. Kh1 Rf7 30. Rxf7+ Kxf7 31. h4 Qc1+ 32. Kh2 Kf6 33. Qd7 Qf4+ 34. g3 Qxe4 35. Qd8+ Kg7 36. Qe7+ Kh6 37. Qg5+ 1/2-1/2

[Event "Sitges Sunway op 9th"]
[Site "Sitges"]
[Date "2022.12.21"]
[Round "9"]
[White "Baenziger, Fabian"]
[Black "Ram, Aravind LN"]
[Result "1/2-1/2"]
[WhiteElo "2426"]
[BlackElo "2272"]
[PlyCount "97"]
[EventDate "2022.12.12"]
[EventType "swiss"]
[EventRounds "10"]
[EventCountry "ESP"]
[SourceTitle "CBM 211 Extra"]
[Source "ChessBase"]
[SourceDate "2023.01.31"]
[SourceVersion "1"]
[SourceVersionDate "2023.01.31"]
[SourceQuality "1"]

1. d4 Nf6 2. c4 g6 3. Nc3 d5 4. Nf3 Bg7 5. h3 0-0 6. cxd5 Nxd5 7. e4 Nxc3 8. bxc3 c5 9. Be2 cxd4 10. cxd4 Nc6 11. Be3 Qa5+ 12. Bd2 Qa3 13. d5 Ne5 14. 0-0 Nxf3+ 15. Bxf3 e6 16. Re1 exd5 17. Rb1 Qxa2 18. exd5 a5 19. Bg5 Bf5 20. Rxb7 Rfb8 21. Rxb8+ Rxb8 22. d6 h6 23. Be7 Bc3 24. Bd5 Qb2 25. Rf1 Bf6 26. g4 Bd7 27. Re1 Re8 28. Qf3 Kg7 29. Re4 g5 30. Re2 Qd4 31. Re4 Qa1+ 32. Kg2 a4 33. Qe3 Bb2 34. Bf6+ Bxf6 35. Rxe8 Qd1 36. Re5 a3 37. Qe4 Qd2 38. Bxf7 Kxf7 39. Qh7+ Kf8 40. Qxd7 Bxe5 41. Qe7+ Kg8 42. Qxe5 a2 43. Qf6 Qd5+ 44. Kh2 Qf7 45. Qd4 a1Q 46. Qxa1 Qxf2+ 47. Kh1 Qf3+ 48. Kh2 Qf2+ 49. Kh1 1/2-1/2

[Event "Sitges Sunway op 9th"]
[Site "Sitges"]
[Date "2022.12.17"]
[Round "6"]
[White "Willow, Jonah B"]
[Black "Ram, Aravind LN"]
[Result "1-0"]
[WhiteElo "2409"]
[BlackElo "2272"]
[PlyCount "73"]
[EventDate "2022.12.12"]
[EventType "swiss"]
[EventRounds "10"]
[EventCountry "ESP"]
[SourceTitle "CBM 211 Extra"]
[Source "ChessBase"]
[SourceDate "2023.01.31"]
[SourceVersion "1"]
[SourceVersionDate "2023.01.31"]
[SourceQuality "1"]

1. e4 c5 2. Nf3 e6 3. d4 cxd4 4. Nxd4 Nf6 5. Nc3 d6 6. g4 h6 7. Rg1 Nc6 8. Be3 Be7 9. Qe2 Nxd4 10. Bxd4 e5 11. Be3 a6 12. h4 Be6 13. g5 hxg5 14. hxg5 Nh5 15. g6 Rc8 16. Nd5 Nf6 17. gxf7+ Kxf7 18. 0-0-0 Nxd5 19. exd5 Bf5 20. Rd2 Bf6 21. Qf3 g6 22. Bd3 Qd7 23. Qg2 Bxd3 24. Rxd3 Qf5 25. Kb1 Rh4 26. Bd2 Rhc4 27. Bc3 Rf4 28. f3 b5 29. a3 Rh4 30. Qf2 Be7 31. Qa7 Rh2 32. Qxa6 Rc5 33. Re1 Rf2 34. Qa7 Rxf3 35. Rxf3 Qxf3 36. Bxe5 Qxd5 37. Bf4 1-0

[Event "Benidorm op-A"]
[Site "Benidorm"]
[Date "2022.12.04"]
[Round "2"]
[White "Ram, Aravind LN"]
[Black "Sanchez Manzanares, Jorge Luis"]
[Result "1-0"]
[WhiteElo "2272"]
[BlackElo "2095"]
[PlyCount "63"]
[EventDate "2022.12.03"]
[EventType "swiss"]
[EventRounds "9"]
[EventCountry "ESP"]
[SourceTitle "EXT 2024"]
[Source "ChessBase"]
[SourceDate "2023.10.10"]
[SourceVersion "1"]
[SourceVersionDate "2023.10.10"]
[SourceQuality "1"]

1. e4 c6 2. d4 d5 3. e5 Bf5 4. h4 h5 5. Bd3 Bxd3 6. Qxd3 e6 7. Nf3 Qb6 8. 0-0 Ne7 9. b3 Nf5 10. c4 Na6 11. Nc3 Be7 12. g3 0-0 13. c5 Qd8 14. Bg5 Nb4 15. Qd2 a5 16. Na4 Bxg5 17. Nxg5 Ra7 18. Qd1 g6 19. Qd2 Na6 20. Kh2 Kg7 21. Rad1 Nb8 22. f3 Rh8 23. Kg2 Nd7 24. Qf4 b5 25. cxb6 Nxb6 26. Nc5 Re7 27. g4 hxg4 28. fxg4 Rxh4 29. gxf5 Rxf4 30. f6+ Kh6 31. Rxf4 Kxg5 32. Kf3 1-0

[Event "Bikaner op 1st"]
[Site "Bikaner"]
[Date "2022.10.05"]
[Round "6"]
[White "Nitin, Senthilvel"]
[Black "Ram, Aravind LN"]
[Result "0-1"]
[WhiteElo "2407"]
[BlackElo "2218"]
[PlyCount "62"]
[EventDate "2022.10.01"]
[EventType "swiss"]
[EventRounds "10"]
[EventCountry "IND"]
[SourceTitle "CBM 210 Extra"]
[Source "ChessBase"]
[SourceDate "2022.11.30"]
[SourceVersion "1"]
[SourceVersionDate "2022.11.30"]
[SourceQuality "1"]

1. e4 c5 2. Nf3 e6 3. d4 cxd4 4. Nxd4 Nf6 5. Nc3 d6 6. Be3 Nc6 7. f3 a6 8. Qd2 Be7 9. g4 Qc7 10. 0-0-0 Ne5 11. g5 Nfd7 12. Kb1 b5 13. Qf2 Bb7 14. h4 b4 15. Nce2 Nc5 16. Nf4 0-0 17. Rg1 a5 18. h5 a4 19. g6 b3 20. Nb5 Qa5 21. gxh7+ Kxh7 22. Bd4 bxc2+ 23. Qxc2 Nxf3 24. Rxg7+ Kh6 25. Qc1 Bxe4+ 26. Ka1 Qxb5 27. Nd3+ Bg5 28. Rxg5 Nb3+ 29. Kb1 Bxd3+ 30. Bxd3 Qxd3+ 31. Rxd3 Nxc1 0-1

[Event "Bikaner op 1st"]
[Site "Bikaner"]
[Date "2022.10.03"]
[Round "4"]
[White "Ram, Aravind LN"]
[Black "Tahbaz, Arash"]
[Result "0-1"]
[WhiteElo "2218"]
[BlackElo "2438"]
[PlyCount "138"]
[EventDate "2022.10.01"]
[EventType "swiss"]
[EventRounds "10"]
[EventCountry "IND"]
[SourceTitle "CBM 210 Extra"]
[Source "ChessBase"]
[SourceDate "2022.11.30"]
[SourceVersion "1"]
[SourceVersionDate "2022.11.30"]
[SourceQuality "1"]

1. c4 e5 2. Nc3 Nf6 3. g3 Bb4 4. Bg2 0-0 5. e4 Bxc3 6. bxc3 c6 7. Ne2 d5 8. cxd5 cxd5 9. exd5 Nxd5 10. d4 exd4 11. Qxd4 Be6 12. 0-0 Nc6 13. Qc5 Re8 14. Nf4 Nxf4 15. Bxf4 Rc8 16. Qb5 Re7 17. Bg5 f6 18. Be3 Qe8 19. Bc5 Rd7 20. Rfe1 Qf7 21. a4 Bc4 22. Qb1 b6 23. Be3 Bd5 24. Rd1 Rcd8 25. Qc2 Ne5 26. f4 Ng4 27. Bxd5 Rxd5 28. Bd4 h5 29. Re1 Nh6 30. Qe4 Nf5 31. Bf2 Qg6 32. a5 h4 33. axb6 axb6 34. Ra8 Kh7 35. Rxd8 Rxd8 36. Qf3 hxg3 37. hxg3 b5 38. Kh2 Nh6 39. Kg2 Ng4 40. Bd4 b4 41. f5 Qg5 42. Rh1+ Kg8 43. Qe4 Qd2+ 44. Kh3 Nh6 45. Qe6+ Nf7 46. Ra1 bxc3 47. Ra7 Qh6+ 48. Kg2 Rxd4 49. Qxf7+ Kh7 50. Ra1 Rd2+ 51. Kf3 Rd3+ 52. Kg2 Qd2+ 53. Kh1 Rxg3 54. Qg8+ Kxg8 55. Ra8+ Qd8 56. Rxd8+ Kh7 57. Rc8 Rf3 58. Kg2 Rxf5 59. Rxc3 g5 60. Kg3 Kg6 61. Rc4 Ra5 62. Rc6 Kf5 63. Rc3 Ra6 64. Rc5+ Kg6 65. Rc3 f5 66. Kf3 Kh5 67. Kg3 f4+ 68. Kf3 Re6 69. Rb3 Re3+ 0-1

[Event "Bikaner op 1st"]
[Site "Bikaner"]
[Date "2022.10.02"]
[Round "3"]
[White "Ram, Aravind LN"]
[Black "Paichadze, Luka"]
[Result "1-0"]
[WhiteElo "2218"]
[BlackElo "2527"]
[PlyCount "93"]
[EventDate "2022.10.01"]
[EventType "swiss"]
[EventRounds "10"]
[EventCountry "IND"]
[SourceTitle "CBM 210 Extra"]
[Source "ChessBase"]
[SourceDate "2022.11.30"]
[SourceVersion "1"]
[SourceVersionDate "2022.11.30"]
[SourceQuality "1"]

1. e4 c6 2. d4 d5 3. e5 c5 4. dxc5 e6 5. a3 Bxc5 6. Qg4 Ne7 7. b4 Bb6 8. Bd3 Ng6 9. Nf3 0-0 10. 0-0 Nc6 11. Bb2 f5 12. Qg3 Bd7 13. c4 dxc4 14. Bxc4 Qe7 15. h4 Rac8 16. h5 Nh8 17. Bb3 Nf7 18. Nbd2 Bc7 19. Rfe1 b5 20. Rac1 a5 21. bxa5 Bxa5 22. Rcd1 Bb6 23. Nh4 Nh6 24. Ndf3 Na5 25. Bd4 Bd8 26. Ba2 Nc4 27. a4 Ba5 28. Re2 bxa4 29. Rc2 Na3 30. Rxc8 Bxc8 31. Be3 Kh8 32. Rc1 Bb4 33. Bg5 Qf7 34. Qf4 Qb7 35. Bxh6 gxh6 36. Qxh6 Re8 37. Rxc8 Qxc8 38. Ng6+ Kg8 39. Ng5 Qd7 40. Nxe6 Rxe6 41. Nf4 Qg7 42. Qxe6+ Kh8 43. Qe8+ Qf8 44. Qxa4 Qb8 45. Qb3 Qf8 46. Ne6 Qe7 47. Nc5 1-0

[Event "Raipur Chhattisgarh"]
[Site "Raipur"]
[Date "2022.09.20"]
[Round "2"]
[White "Ram, Aravind LN"]
[Black "Kumar, Gaurav"]
[Result "0-1"]
[WhiteElo "2275"]
[BlackElo "2073"]
[PlyCount "68"]
[EventDate "2022.09.19"]
[EventType "swiss"]
[EventRounds "10"]
[EventCountry "IND"]
[SourceTitle "CBM 210 Extra"]
[Source "ChessBase"]
[SourceDate "2022.11.30"]
[SourceVersion "1"]
[SourceVersionDate "2022.11.30"]
[SourceQuality "1"]

1. e4 c5 2. Nf3 Nc6 3. Bb5 d6 4. c3 Bd7 5. 0-0 a6 6. Ba4 Nf6 7. Re1 e5 8. h3 Be7 9. d4 b5 10. Bc2 cxd4 11. cxd4 0-0 12. Nc3 h6 13. Be3 Re8 14. Nd5 Bf8 15. Nxf6+ Qxf6 16. dxe5 Nxe5 17. Nxe5 Qxe5 18. Bd4 Qg5 19. Qd3 Bc6 20. f4 Qxf4 21. e5 g6 22. e6 f5 23. Bb3 Kh7 24. Rac1 Rac8 25. Bf6 Be4 26. Rxc8 Rxc8 27. Qe2 Bg7 28. Bxg7 Kxg7 29. Qd1 Qe5 30. Qd2 d5 31. Qf2 Rc7 32. Qb6 Re7 33. Qxa6 Qxb2 34. Rxe4 Qb1+ 0-1

[Event "Dubai op 22nd"]
[Site "Dubai"]
[Date "2022.09.03"]
[Round "8"]
[White "Nazari, Arad"]
[Black "Ram, Aravind LN"]
[Result "1-0"]
[WhiteElo "2389"]
[BlackElo "2298"]
[PlyCount "63"]
[EventDate "2022.08.27"]
[EventType "swiss"]
[EventRounds "9"]
[EventCountry "UAE"]
[SourceTitle "CBM 210 Extra"]
[Source "ChessBase"]
[SourceDate "2022.11.30"]
[SourceVersion "1"]
[SourceVersionDate "2022.11.30"]
[SourceQuality "1"]

1. e4 c5 2. Nf3 e6 3. b3 a6 4. Bb2 d6 5. d4 cxd4 6. Nxd4 Nf6 7. Bd3 Nbd7 8. 0-0 Nc5 9. Qe2 Be7 10. c4 Nxd3 11. Qxd3 0-0 12. Nc3 Qc7 13. Qg3 g6 14. Rac1 b6 15. Nde2 Bb7 16. Qf4 Nh5 17. Qe3 Nf6 18. Qf4 Nh5 19. Qh6 Qc5 20. Nd5 exd5 21. cxd5 Qa5 22. Ng3 Qxa2 23. Bd4 Bf6 24. Bxf6 Nxf6 25. Nf5 gxf5 26. Qg5+ Kh8 27. Qxf6+ Kg8 28. Rc3 f4 29. Qxf4 f5 30. Qg5+ Kh8 31. Rc7 Qb2 32. Qh6 1-0

[Event "Dubai op 22nd"]
[Site "Dubai"]
[Date "2022.08.30"]
[Round "4"]
[White "Sandipan, Chanda"]
[Black "Ram, Aravind LN"]
[Result "1-0"]
[WhiteElo "2458"]
[BlackElo "2298"]
[PlyCount "158"]
[EventDate "2022.08.27"]
[EventType "swiss"]
[EventRounds "9"]
[EventCountry "UAE"]
[SourceTitle "CBM 210 Extra"]
[Source "ChessBase"]
[SourceDate "2022.11.30"]
[SourceVersion "1"]
[SourceVersionDate "2022.11.30"]
[SourceQuality "1"]

1. d4 Nf6 2. c4 g6 3. Nc3 d5 4. Nf3 Bg7 5. Qb3 dxc4 6. Qxc4 0-0 7. e4 a6 8. Be2 b5 9. Qb3 c5 10. dxc5 Bb7 11. 0-0 Nxe4 12. Nxe4 Bxe4 13. Bf4 Nc6 14. Rad1 Qc8 15. Qe3 Bf5 16. Ne5 Nxe5 17. Bxe5 Qe6 18. Bxg7 Qxe3 19. fxe3 Kxg7 20. Bf3 Ra7 21. Bd5 b4 22. c6 Rc7 23. Rd4 Rd8 24. Bf3 Rb8 25. Rc1 b3 26. a3 Bc2 27. Rb4 Rxb4 28. axb4 f5 29. Kf2 Kf6 30. Ke2 e5 31. Bd5 e4 32. Kd2 Ke5 33. Bc4 Kd6 34. Ra1 Kxc6 35. Bxa6 Kb6 36. Be2 Bd3 37. Bxd3 Rd7 38. Ra6+ Kb7 39. Ra5 Rxd3+ 40. Ke2 Rc3 41. Rc5 Rd3 42. h4 h5 43. Rc4 Rd6 44. Rc3 Kb6 45. b5 Kxb5 46. Rxb3+ Kc4 47. Rb8 Rd3 48. Rc8+ Kb3 49. Rc6 Kxb2 50. Rxg6 Kc2 51. Rc6+ Rc3 52. Rf6 Rd3 53. Kf2 Kd2 54. Rxf5 Rxe3 55. Rxh5 Rd3 56. Re5 e3+ 57. Kf3 Rd8 58. g4 Rf8+ 59. Kg3 e2 60. g5 e1Q+ 61. Rxe1 Kxe1 62. g6 Rf1 63. h5 Rh1 64. Kf4 Rxh5 65. g7 Rh4+ 66. Kf3 Rh3+ 67. Kg2 Re3 68. g8Q Re2+ 69. Kf3 Rf2+ 70. Ke3 Re2+ 71. Kd3 Rd2+ 72. Kc3 Rf2 73. Qg4 Kf1 74. Kd3 Rg2 75. Qh4 Kg1 76. Ke3 Rh2 77. Qe1+ Kg2 78. Qf2+ Kh3 79. Qf3+ Kh4 1-0

[Event "Dubai op 22nd"]
[Site "Dubai"]
[Date "2022.08.28"]
[Round "2"]
[White "Rathanvel, VS."]
[Black "Ram, Aravind LN"]
[Result "1-0"]
[WhiteElo "2455"]
[BlackElo "2298"]
[PlyCount "123"]
[EventDate "2022.08.27"]
[EventType "swiss"]
[EventRounds "9"]
[EventCountry "UAE"]
[SourceTitle "CBM 210 Extra"]
[Source "ChessBase"]
[SourceDate "2022.11.30"]
[SourceVersion "1"]
[SourceVersionDate "2022.11.30"]
[SourceQuality "1"]

1. e4 c5 2. Nf3 d6 3. Bb5+ Nd7 4. c3 Ngf6 5. Qe2 a6 6. Ba4 b5 7. Bc2 Bb7 8. 0-0 e5 9. d4 g6 10. Rd1 Qc7 11. a4 b4 12. dxe5 dxe5 13. a5 Bc6 14. Bd3 Qb7 15. Nbd2 Bg7 16. Nc4 0-0 17. Nd6 Qc7 18. Bxa6 Nxe4 19. Nxe4 Bxe4 20. Qxe4 Rxa6 21. cxb4 cxb4 22. Qxb4 Nb8 23. Bd2 Nc6 24. Qc4 Qb7 25. Bc3 Rc8 26. Qe4 Qb3 27. h3 Nd4 28. Nxe5 Ne6 29. Qf3 f5 30. Ra3 Qb5 31. Qd3 Qxd3 32. Nxd3 Bxc3 33. bxc3 Rd8 34. Nb2 Rxd1+ 35. Nxd1 Nc5 36. Ne3 Kf7 37. Kf1 Ke6 38. Ke2 Nb7 39. Kd3 Rxa5 40. Rxa5 Nxa5 41. g3 Nb3 42. Ng2 Nc5+ 43. Kd4 Nb3+ 44. Ke3 Kd5 45. Nf4+ Kc4 46. Ne6 h6 47. Nf4 g5 48. Ne2 Nc5 49. Nd4 f4+ 50. gxf4 gxf4+ 51. Kxf4 Kxc3 52. Nf5 h5 53. Ng3 Kd3 54. Kg5 Kd4 55. h4 Ke5 56. f4+ Ke6 57. Kg6 Nd7 58. Nxh5 Nf8+ 59. Kg7 Nd7 60. Ng3 Ke7 61. h5 Nc5 62. f5 1-0

[Event "Novi Sad Serbia op-A"]
[Site "Novi Sad"]
[Date "2022.07.06"]
[Round "9"]
[White "Drnovsek, Gal"]
[Black "Ram, Aravind LN"]
[Result "0-1"]
[WhiteElo "2393"]
[BlackElo "2219"]
[PlyCount "146"]
[EventDate "2022.06.28"]
[EventType "swiss"]
[EventRounds "9"]
[EventCountry "SRB"]
[SourceTitle "EXT 2023"]
[Source "ChessBase"]
[SourceDate "2022.10.05"]
[SourceVersion "1"]
[SourceVersionDate "2022.10.05"]
[SourceQuality "1"]

1. d4 Nf6 2. c4 g6 3. Nc3 d5 4. cxd5 Nxd5 5. e4 Nxc3 6. bxc3 Bg7 7. Be3 c5 8. Qd2 cxd4 9. cxd4 Nc6 10. Rd1 0-0 11. h3 Qa5 12. Qxa5 Nxa5 13. Nf3 Bd7 14. Bd2 b6 15. Ba6 Rfd8 16. d5 f5 17. Bxa5 fxe4 18. Ng5 bxa5 19. Nxe4 Bf5 20. Ng3 Bc3+ 21. Ke2 Bc8 22. Bc4 Kg7 23. Ne4 Bb4 24. g4 Bb7 25. Ng5 Rdc8 26. Bb3 Rc3 27. Kf1 h6 28. Ne6+ Kf6 29. Kg2 Ba6 30. Rd4 Ke5 31. Re1+ Kd6 32. Nf4 Rxb3 33. Re6+ Kc5 34. Rd1 Rc3 35. Rxa6 g5 36. a4 Kc4 37. Ne2 Rd3 38. Rxd3 Kxd3 39. Ng3 Kc4 40. Nf5 Kb3 41. Rxh6 Kxa4 42. Rc6 Rd8 43. f4 gxf4 44. Kf3 Rxd5 45. Kxf4 Kb5 46. Rc7 e6 47. Ke4 Kb6 48. Rc8 Rc5 49. Rxc5 Kxc5 50. Nd4 Bc3 51. Ne2 Bf6 52. Kd3 a4 53. Nc1 Kb4 54. Kc2 Kc4 55. Nd3 a3 56. Nc1 e5 57. Kb1 e4 58. Ka2 Bg5 59. Ne2 Kd3 60. h4 Bxh4 61. Nf4+ Kd2 62. Kxa3 e3 63. Ka4 Bg5 64. Nh3 Be7 65. Kb5 Ke2 66. g5 Kf3 67. g6 Bf6 68. Kc4 a5 69. Kb5 Bc3 70. g7 Bxg7 71. Kxa5 Be5 72. Ng1+ Kf2 73. Nh3+ Kg2 0-1

[Event "Pune Maharashtra op 1st"]
[Site "Pune"]
[Date "2022.06.03"]
[Round "5"]
[White "Ram, Aravind LN"]
[Black "Neelash, Saha"]
[Result "0-1"]
[WhiteElo "2116"]
[BlackElo "2439"]
[PlyCount "58"]
[EventDate "2022.05.31"]
[EventType "swiss"]
[EventRounds "11"]
[EventCountry "IND"]
[SourceTitle "CBM 208 Extra"]
[Source "ChessBase"]
[SourceDate "2022.07.31"]
[SourceVersion "1"]
[SourceVersionDate "2022.07.31"]
[SourceQuality "1"]

1. b3 d5 2. Bb2 Bf5 3. e3 Nf6 4. Nf3 e6 5. c4 Nbd7 6. Nc3 c6 7. Be2 h6 8. 0-0 Bd6 9. d3 Qe7 10. a3 0-0 11. b4 Rfe8 12. Re1 Rad8 13. Qb3 Bb8 14. h3 Nf8 15. Bf1 Bh7 16. e4 dxc4 17. dxc4 e5 18. c5 Ne6 19. Qc4 Nd4 20. Ne2 Nxf3+ 21. gxf3 Nd7 22. Ng3 Nf8 23. Rad1 Ne6 24. a4 Bg6 25. Kh2 h5 26. Ne2 Qh4 27. Kg2 Bf5 28. Kh2 Qxf2+ 29. Kh1 Ng5 0-1

[Event "Bhubaneswar op-A 13th"]
[Site "Bhubaneswar"]
[Date "2022.05.28"]
[Round "9"]
[White "Ram, Aravind LN"]
[Black "Rahman, Ziaur"]
[Result "1/2-1/2"]
[WhiteElo "2116"]
[BlackElo "2431"]
[PlyCount "64"]
[EventDate "2022.05.22"]
[EventType "swiss"]
[EventRounds "10"]
[EventCountry "IND"]
[SourceTitle "CBM 208 Extra"]
[Source "ChessBase"]
[SourceDate "2022.07.31"]
[SourceVersion "1"]
[SourceVersionDate "2022.07.31"]
[SourceQuality "1"]

1. e4 c6 2. d4 d5 3. Nc3 dxe4 4. Nxe4 Nf6 5. Nxf6+ exf6 6. Bc4 Na6 7. Bf4 Nc7 8. Qe2+ Be7 9. Nf3 0-0 10. 0-0 Nd5 11. Bd2 Bd6 12. Rfe1 Bg4 13. h3 Bh5 14. Bd3 Nc7 15. Bf5 Nb5 16. Qd3 Bxf3 17. Bxh7+ Kh8 18. Qxf3 g6 19. Qe3 Re8 20. Qh6 Rxe1+ 21. Rxe1 Bf8 22. Qh4 Qxd4 23. Bf4 Kg7 24. Qh6+ Kh8 25. Qh4 Kg7 26. Qh6+ Kh8 27. Qh4 Kg7 28. Qh6+ Kh8 29. Qh4 Kg7 30. c4 g5 31. Qh5 Qxf4 32. g3 Qd4 1/2-1/2

[Event "Bhubaneswar op-A 13th"]
[Site "Bhubaneswar"]
[Date "2022.05.26"]
[Round "7"]
[White "Karthikeyan, Pandian"]
[Black "Ram, Aravind LN"]
[Result "1/2-1/2"]
[WhiteElo "2361"]
[BlackElo "2116"]
[PlyCount "136"]
[EventDate "2022.05.22"]
[EventType "swiss"]
[EventRounds "10"]
[EventCountry "IND"]
[SourceTitle "CBM 208 Extra"]
[Source "ChessBase"]
[SourceDate "2022.07.31"]
[SourceVersion "1"]
[SourceVersionDate "2022.07.31"]
[SourceQuality "1"]

1. e4 c5 2. Nf3 e6 3. d4 cxd4 4. Nxd4 a6 5. Bd3 Bc5 6. Nb3 Be7 7. Nc3 d6 8. Qe2 Qc7 9. Be3 Nf6 10. g4 Nc6 11. g5 Nd7 12. f4 Nc5 13. 0-0-0 b5 14. Kb1 Bb7 15. Rhe1 Na5 16. f5 b4 17. Nd5 exd5 18. Bxc5 Nxb3 19. Bxb4 Nc5 20. exd5 Bxd5 21. f6 Be6 22. fxe7 Qxe7 23. Bxc5 dxc5 24. Qe4 Rd8 25. h4 g6 26. Qa4+ Kf8 27. Qa5 Kg7 28. Qc3+ Rd4 29. Bc4 Rhd8 30. Bxe6 fxe6 31. b3 Kg8 32. Rxd4 Rxd4 33. Re5 Rd5 34. Re4 e5 35. Qc4 Qe6 36. Kb2 Kg7 37. Re3 h6 38. Rd3 Rd6 39. Qxe6 Rxe6 40. Rd7+ Kh8 41. gxh6 e4 42. Kc1 e3 43. Kd1 Re4 44. Ke2 Rxh4 45. Kxe3 Rxh6 46. Rc7 Rh3+ 47. Kd2 Rh2+ 48. Kd3 Rh3+ 49. Kc4 Rh2 50. Kc3 Rh3+ 51. Kb2 Rh5 52. a4 Re5 53. Rc6 Kg7 54. Rxa6 g5 55. Ra7+ Kg6 56. Ra8 Kg7 57. a5 g4 58. a6 Re6 59. a7 Ra6 60. Rc8 Rxa7 61. Rxc5 Kf6 62. Rd5 g3 63. c4 g2 64. Rd1 Rg7 65. Rg1 Ke5 66. Kc3 Rg3+ 67. Kb4 Kd4 68. c5 Kd5 1/2-1/2

[Event "Bhubaneswar op-A 13th"]
[Site "Bhubaneswar"]
[Date "2022.05.24"]
[Round "3"]
[White "Laxman, Rajaram"]
[Black "Ram, Aravind LN"]
[Result "1-0"]
[WhiteElo "2420"]
[BlackElo "2116"]
[PlyCount "153"]
[EventDate "2022.05.22"]
[EventType "swiss"]
[EventRounds "10"]
[EventCountry "IND"]
[SourceTitle "CBM 208 Extra"]
[Source "ChessBase"]
[SourceDate "2022.07.31"]
[SourceVersion "1"]
[SourceVersionDate "2022.07.31"]
[SourceQuality "1"]

1. d4 d5 2. Nf3 Nf6 3. c4 e6 4. g3 b6 5. Bg2 Bb7 6. cxd5 exd5 7. Nc3 Bd6 8. 0-0 0-0 9. Ne5 Nbd7 10. Bf4 Re8 11. Nxd7 Qxd7 12. Bxd6 Qxd6 13. Rc1 a6 14. a3 c5 15. dxc5 bxc5 16. e4 d4 17. e5 Qxe5 18. Bxb7 Ra7 19. Bc6 Re6 20. Ba4 dxc3 21. Qd8+ Ne8 22. Rxc3 Rae7 23. Qa5 Qd4 24. Bxe8 Rxe8 25. Qxc5 Qd2 26. b4 g6 27. Qc4 Re1 28. Rf3 R1e6 29. Kg2 h5 30. Qf4 Qd7 31. Rc1 Re5 32. Qf6 R5e6 33. Qf4 Re5 34. Qc4 Re4 35. Qc7 Qd5 36. Qc6 Qd2 37. h4 R4e6 38. Qc7 R6e7 39. Qc3 Qd5 40. Qc4 Qd2 41. Rcc3 Qd1 42. Rcd3 Qa1 43. Rde3 Re6 44. Rxe6 Rxe6 45. Qc8+ Kg7 46. Qb7 Rf6 47. Rxf6 Qxf6 48. a4 Qd4 49. a5 g5 50. hxg5 h4 51. g6 Kh8 52. gxf7 Kg7 53. Qf3 Kf8 54. b5 axb5 55. a6 b4 56. gxh4 Qxh4 57. Qf5 Qd4 58. Qe6 Qg7+ 59. Kf3 Qc3+ 60. Kg4 Qd4+ 61. f4 Qg1+ 62. Kf5 Qc5+ 63. Ke4 Qc2+ 64. Kd4 Qf2+ 65. Qe3 Qb2+ 66. Kc5 Kxf7 67. a7 Qa2 68. Kxb4 Qa6 69. Qc5 Qb7+ 70. Ka5 Qg2 71. Kb6 Qb2+ 72. Kc7 Qa2 73. f5 Qh2+ 74. Kd7 Qg2 75. Qe7+ Kg8 76. Qe8+ Kh7 77. Qg6+ 1-0